| 000 | 00417nam a2200145Ia 4500 | ||
|---|---|---|---|
| 008 | 211109s9999||||xx |||||||||||||| ||und|| | ||
| 082 |
_a894.8123 _bSRE-E |
||
| 100 | _aSreedharan, E V | ||
| 245 | 0 | _aEtho Poovukal | |
| 260 |
_bMalayalam Publications _aCalicut _c1900 |
||
| 300 | _a124p. | ||
| 630 | _xGENERAL STACK | ||
| 650 |
_aMalayalam literature _vMalayalam fiction _xLiterature & rhetoricMalayalam |
||
| 942 | _cBOOK | ||
| 999 |
_c45161 _d45161 |
||